1911 1148 1730 1173 1640 1889 1095 1180 1537 1781 1838 1178 1516 1246 1591 1328 1252 1621 1154 1813 1292 1556 1303 1589 1370 1349 1001 1584 1187 1442 1168 1279 1246 1402 1696 1195 1915 1375 1489 1059 1334 1067 1937 1853 1481 1903 1064 1069 1082 1712 1686 1766 1660 1819 1105 1007 1287 1775 1726 1349 1923 1857 1433 1298 1398 1294 1918 1684 1201 1726 1381 1747 1808 1894 1148 1740 1494 1058 1523 1443 1367 1004 1798 1863 1192 1306 1321 1242 1574 1661 1378 1794 1998 1799 1208 1441 1980 1860 1134 BCNSPRNW ULIB Ver.6.0+V

เปลี่ยนเป็นภาษาไทย

Change to English
 แสดงรายละเอียดบรรณานุกรม
  กลับหน้าหลัก

Brief Record : Get Marc (ISO 2709) : E-mail record : QR code < ปิดหน้าต่าง
LEADER : 00000nam 2200000uu 4500
001    13399110541
003     ULIB
008    110602s2544||||th 000 0 tha d
020    9746393367
060  4 WQ100^bว895 2544
245 00 เวชปฏิบัติทางสูติศาสตร์-นรีเวชวิทยา /^cเบญจบ ไววนิชกุล, สุวิทย์บุณยะเวชชีวิน, บรรณาธิการ
250    พิมพ์ครั้งที่ 3
260    กรุงเทพฯ :^bโรงพิมพ์แห่งจุฬาลงกรณ์มหาวิทยาลัย,^c2544
300    197 หน้า ;^c19 ซม
504    บรรณานุกรมท้ายบท
650  2 Gynecology^xhandbooks
650  2 Obstetrics^xhandbooks
700 0  เบญจบ ไววนิชกุล,^eบรรณาธิการ
700 0  สุวิทย์ บุณยะเวชชีวิน,^eบรรณาธิการ
710 2  จุฬาลงกรณ์มหาวิทยาลัย.^bคณะแพทยศาสตร์.^bภาควิชาสูติศาสตร์-นรีเวชวิทยา
945    ^p0^l0^i023162
945    ^p0^l0^i014675
945    ^p0^l0^i014673
945    ^p0^l0^i014676
945    ^p0^l0^i014674
945    ^p0^l0^i014672
999 ^a ใช้งานได้ทุกระบบ
รายการนี้ยังไม่มีแท็ก
คุณยังไม่ได้ล็อกอิน คุณสามารถมีกิจกรรมร่วมกับเว็บไซต์ได้ แต่ต้องล็อกอินก่อน ::
  ล็อกอิน

รายการสื่อสารสนเทศ

ลำดับที่ ประเภท เลขเรียก/บาร์โค้ด สถานที่ สถานะ
- ไม่พบข้อมูล -

BibComment


ยังไม่เคยถูกคอมเมนท์

คอมเมนท์ทรัพยากรรายการนี้
  คอมเมนท์: เวชปฏิบัติทางสูติ..


 Copyright 2026. Bcnsprnw @Library